000 00974nam0a22002411 4500
001 rc\4718457
005 20260407151537.0
035 _a(NLR Aleph) 008440264
090 _a9473529
_c9473529
100 _a20130416d1960 |||y0rusy50 ca
101 0 _arus
102 _aRU
105 _ay z |||||
200 1 _aПоложение о вневедомственной сторожевой охране при органах милиции и Типовое положение о ведомственной сторожевой охране
_e(Введены в действие приказом МВД СССР от 16 янв. 1960 г. № 30)
210 _aМосква
_cБ. и.
_d1960
215 _a10 с.
_d20
333 _aДСП. Экз. №
710 0 1 _aСССР
_bМинистерство внутренних дел
_3RU\NLR\AUTH\8810028193
_9554906
801 0 _aRU
_bNLR
_gpsbo
801 1 _aRU
_bELAR
_2rusmarc
852 _aNLR
_j60-4/11636
942 _cBOOK
980 _aNB